Statistics for MBDTF Tracklist

Click here to take the quiz!

General Stats

  • This quiz has been taken 79 times
  • The average score is 11 of 14

Answer Stats

HintAnswer% Correct
Track #1Dark Fantasy
94%
Track #9Runaway
94%
Track #3POWER
91%
Track #5All of the Lights
89%
Track #8Devil in a New Dress
89%
Track #2Gorgeous
87%
Track #6Monster
81%
Track #4All of the Lights (Interlude)
77%
Track #13Who Will Survive in America
72%
Track #7So Appalled
70%
Track #11Blame Game
68%
Track #10Hell of a Life
64%
Track #12Lost in the World
60%
Track #14 (Bonus Track)See Me Now
26%

Score Distribution

Percentile by Number Answered

Percent of People with Each Score

Your Score History

You have not taken this quiz